000 00301nam a2200121Ia 4500
008 190216s9999||||xx |||||||||||||| ||und||
100 _aAkkitham Achyuthan Namboodiri
245 0 _aVennakkallinte Katha
260 _bPoorna Pubs Kozhikode
_c1974
300 _a76p
650 _aKavithakal
942 _cBK
999 _c25122
_d25122